Statistics for Квиз о Албанији

Click here to take the quiz!

General Stats

  • This quiz has been taken 271 times
  • The average score is 15 of 20

Answer Stats

ОписОдговор% Correct
Главни градТирана
100%
Државе са којима се граничиСрбија
98%
Државе са којима се граничиСеверна Македонија
96%
Државе са којима се граничиЦрна Гора
95%
Полуострво на коме лежиБалкан
95%
Државе са којима се граничиГрчка
93%
Животиња која се појављује на заставиОрао
91%
Мора на која Албанија излази{Јадранско} море
90%
Религија коју практикује 58.8% становништваИслам
89%
Царство чији је део била, 1480–1912Османско царство
81%
Град на обали истоименог језера (највећег на Балкану)Скадар
79%
Мора на која Албанија излази{Јонско} море
70%
Држава која је извршила инвазију 1939.Италија
68%
Државна валутаЛек
62%
Други највећи градДрач
56%
Најдубље и најстарије језеро јужне Европе,
на граници са једном суседном државом
Охридско језеро
52%
Војни савез из којег се Албанија повукла 1968.Варшавски пакт
52%
Католичка светица албанског порекла, живела у ИндијиМајка Тереза
50%
Албански диктатор 1944–1985Енвер Хоџа
45%
Мехмед Алија-Мисирски, етнички Албанац, сматра се савременим
оснивачем ове државе, чија је династија истом владала до 1952.
Египат
17%

Score Distribution

Percentile by Number Answered

Percent of People with Each Score

Your Score History

You have not taken this quiz